[Event "Asia-chT fin 12th"]
[Site "Shenyang"]
[Date "1999.10.12"]
[Round "4"]
[White "Vahidov, Tair"]
[Black "Irzhanov, Ruslan"]
[Result "1/2-1/2"]
[WhiteElo "2546"]
[BlackElo "2536"]
[PlyCount "20"]
[EventDate "1999.10.10"]
[EventType "team"]
[EventRounds "9"]
[EventCountry "CHN"]
[SourceTitle "EXT 2000"]
[Source "ChessBase"]
[SourceDate "1999.11.16"]
[SourceVersion "1"]
[SourceVersionDate "1999.11.16"]
[SourceQuality "1"]
[WhiteTeam "Uzbekistan"]
[BlackTeam "Kazakhstan"]
[WhiteTeamCountry "UZB"]
[BlackTeamCountry "KAZ"]

1. d4 d5 2. c4 c6 3. Nf3 Nf6 4. cxd5 cxd5 5. Nc3 Nc6 6. Bf4 a6 7. e3 e6 8. Be2 Bd6 9. Bxd6 Qxd6 10. 0-0 0-0 1/2-1/2

[Event "World Cities-ch 2nd"]
[Site "Shenyang"]
[Date "1999.10.08"]
[Round "9"]
[White "Juswanto, Denny"]
[Black "Irzhanov, Ruslan"]
[Result "1-0"]
[WhiteElo "2465"]
[BlackElo "2536"]
[PlyCount "83"]
[EventDate "1999.10.02"]
[EventType "team"]
[EventRounds "9"]
[EventCountry "CHN"]
[SourceTitle "EXT 2000"]
[Source "ChessBase"]
[SourceDate "1999.11.16"]
[SourceVersion "1"]
[SourceVersionDate "1999.11.16"]
[SourceQuality "1"]

1. d4 g6 2. c4 Bg7 3. Nc3 d6 4. Nf3 Nf6 5. Bg5 0-0 6. e3 Nbd7 7. Be2 c6 8. 0-0 Qc7 9. b4 e5 10. Rc1 Re8 11. Qb3 Nf8 12. d5 N8d7 13. Rfd1 c5 14. a3 h6 15. Bh4 Nh7 16. Nd2 f5 17. f3 a6 18. Qb1 b6 19. Nb3 Ndf6 20. Bf2 Bd7 21. Nd2 Rab8 22. Re1 h5 23. h3 Bh6 24. Bd3 Kh8 25. Qc2 Rg8 26. Rb1 Rbf8 27. a4 g5 28. bxc5 bxc5 29. Bxf5 g4 30. hxg4 hxg4 31. Kf1 gxf3 32. gxf3 Bxf5 33. Qxf5 Ng5 34. Ke2 Nfh7 35. Qd3 Qf7 36. Rh1 Nxf3 37. Rxh6 Nxd2 38. Kxd2 Qxf2+ 39. Ne2 Rf7 40. Rbh1 Rgg7 41. Rxd6 Rg8 42. Rxa6 1-0

[Event "World Cities-ch 2nd"]
[Site "Shenyang"]
[Date "1999.10.04"]
[Round "1"]
[White "Li, Ruofan"]
[Black "Irzhanov, Ruslan"]
[Result "0-1"]
[WhiteElo "2262"]
[BlackElo "2536"]
[PlyCount "72"]
[EventDate "1999.10.02"]
[EventType "team"]
[EventRounds "9"]
[EventCountry "CHN"]
[SourceTitle "EXT 2000"]
[Source "ChessBase"]
[SourceDate "1999.11.16"]
[SourceVersion "1"]
[SourceVersionDate "1999.11.16"]
[SourceQuality "1"]

1. e4 g6 2. d4 Bg7 3. Nc3 d6 4. Nf3 c6 5. Be3 Qb6 6. a3 Nf6 7. h3 0-0 8. Bd3 Nbd7 9. e5 Nd5 10. Nxd5 cxd5 11. exd6 exd6 12. Rb1 Nf6 13. 0-0 Re8 14. c4 dxc4 15. Bxc4 Bf5 16. Bd3 Bxd3 17. Qxd3 Nd5 18. Bd2 Rac8 19. b4 Ne7 20. Rfe1 Nf5 21. d5 Nd4 22. Rxe8+ Rxe8 23. Re1 Nxf3+ 24. Qxf3 Rxe1+ 25. Bxe1 Qd4 26. Qe3 Qxd5 27. Qe8+ Bf8 28. Bc3 Qd1+ 29. Kh2 Qc1 30. Bh8 Qh6 31. Bc3 Qf4+ 32. Kg1 Qc1+ 33. Be1 Qxa3 34. g3 Qd3 35. Kh2 d5 36. Qe5 Qe4 0-1

[Event "Abu Dhabi op 09th"]
[Site "Abu Dhabi"]
[Date "1999.08.27"]
[Round "6"]
[White "Irzhanov, Ruslan"]
[Black "Dovliatov, Sanan"]
[Result "1/2-1/2"]
[WhiteElo "2536"]
[BlackElo "2339"]
[PlyCount "120"]
[EventDate "1999.08.21"]
[EventType "swiss"]
[EventRounds "9"]
[EventCountry "UAE"]
[SourceTitle "EXT 2000"]
[Source "ChessBase"]
[SourceDate "1999.11.16"]
[SourceVersion "1"]
[SourceVersionDate "1999.11.16"]
[SourceQuality "1"]

1. d4 f5 2. g3 Nf6 3. Bg2 g6 4. Nf3 Bg7 5. 0-0 0-0 6. b3 d6 7. Bb2 Qe8 8. Nbd2 Nc6 9. Nc4 Ng4 10. d5 Bxb2 11. Nxb2 Nce5 12. Nd3 Nxd3 13. Qxd3 Bd7 14. h3 Nf6 15. c4 Ne4 16. Nd4 e5 17. dxe6 Bxe6 18. e3 Qf7 19. Rad1 Rae8 20. Nb5 Rd8 21. Nc3 Nxc3 22. Qxc3 c6 23. Rd2 Rd7 24. Rfd1 Rfd8 25. Qd4 a6 26. Qf4 Qe7 27. h4 d5 28. cxd5 Bxd5 29. Bxd5+ Rxd5 30. Rxd5 Rxd5 31. Rxd5 cxd5 32. h5 Kf7 33. Qd4 gxh5 34. Qxd5+ Kg6 35. Qg8+ Kh6 36. Kh2 Qe4 37. Qf8+ Kg6 38. Qg8+ Kh6 39. Qf8+ Kg6 40. Qd6+ Kg5 41. Qf4+ Kg6 42. b4 Qd5 43. a4 Qd3 44. Kg2 Qd5+ 45. Qf3 Qd7 46. a5 Qf7 47. Qf4 Qe6 48. Qd4 Qc6+ 49. f3 Qb5 50. Qb6+ Qxb6 51. axb6 Kg5 52. Kh3 h6 53. e4 fxe4 54. fxe4 h4 55. gxh4+ Kf4 56. e5 Kxe5 57. Kg4 Kf6 58. Kh5 Kg7 59. Kg4 Kf6 60. Kh5 Kg7 1/2-1/2

[Event "Abu Dhabi op 09th"]
[Site "Abu Dhabi"]
[Date "1999.08.24"]
[Round "4"]
[White "Irzhanov, Ruslan"]
[Black "Maharramzade, Javad"]
[Result "1/2-1/2"]
[WhiteElo "2536"]
[BlackElo "2422"]
[PlyCount "54"]
[EventDate "1999.08.21"]
[EventType "swiss"]
[EventRounds "9"]
[EventCountry "UAE"]
[SourceTitle "EXT 2000"]
[Source "ChessBase"]
[SourceDate "1999.11.16"]
[SourceVersion "1"]
[SourceVersionDate "1999.11.16"]
[SourceQuality "1"]

1. d4 Nf6 2. c4 e6 3. Nf3 Bb4+ 4. Nbd2 0-0 5. e3 b6 6. Bd3 Bb7 7. 0-0 d5 8. b3 Nbd7 9. Bb2 Ne4 10. Rc1 f5 11. a3 Bd6 12. Ne5 Bxe5 13. dxe5 Ndc5 14. Nxe4 dxe4 15. Bc2 Qg5 16. Bd4 Rad8 17. b4 Nd3 18. Bxd3 exd3 19. f3 f4 20. Qd2 Qg6 21. Kh1 fxe3 22. Bxe3 Rf5 23. Rc3 Rxe5 24. Rd1 Rf5 25. Rxd3 Rdf8 26. Rf1 h6 27. Rd8 Kh7 1/2-1/2

[Event "Olympiad-33"]
[Site "Elista"]
[Date "1998.10.09"]
[Round "10.2"]
[White "Irzhanov, Ruslan"]
[Black "Gunnarsson, Jon Viktor"]
[Result "1/2-1/2"]
[WhiteElo "2535"]
[BlackElo "2445"]
[PlyCount "71"]
[EventDate "1998.09.29"]
[EventType "team-swiss"]
[EventRounds "13"]
[EventCountry "RUS"]
[SourceTitle "CBM 068"]
[Source "ChessBase"]
[SourceDate "1999.02.01"]
[SourceVersion "1"]
[SourceVersionDate "1999.02.01"]
[SourceQuality "1"]
[WhiteTeam "Kazakhstan"]
[BlackTeam "Iceland"]
[WhiteTeamCountry "KAZ"]
[BlackTeamCountry "ISL"]

1. Nf3 d5 2. g3 Nf6 3. Bg2 c6 4. 0-0 Bg4 5. d4 Nbd7 6. Nbd2 e6 7. Re1 Be7 8. e4 dxe4 9. Nxe4 Nxe4 10. Rxe4 Nf6 11. Re1 0-0 12. c4 Rc8 13. Be3 b5 14. b3 bxc4 15. bxc4 c5 16. dxc5 Qxd1 17. Raxd1 Bxc5 18. Rc1 Bxe3 19. Rxe3 Bxf3 20. Bxf3 Rc5 21. Ra3 a5 22. Be2 Rb8 23. Rb3 Rxb3 24. axb3 Kf8 25. Rd1 Ke7 26. Bf3 Nd7 27. Kf1 Rc8 28. Ra1 Nc5 29. Bd1 Rb8 30. Rxa5 Nxb3 31. Ra7+ Kf6 32. Bxb3 Rxb3 33. Ke2 Rb2+ 34. Ke3 Rb3+ 35. Kd2 Rb2+ 36. Ke3 1/2-1/2

[Event "Olympiad-33"]
[Site "Elista"]
[Date "1998.10.07"]
[Round "9.4"]
[White "Irzhanov, Ruslan"]
[Black "Inarkiev, Ernesto"]
[Result "1/2-1/2"]
[WhiteElo "2535"]
[BlackElo "2300"]
[PlyCount "60"]
[EventDate "1998.09.29"]
[EventType "team-swiss"]
[EventRounds "13"]
[EventCountry "RUS"]
[SourceTitle "CBM 068"]
[Source "ChessBase"]
[SourceDate "1999.02.01"]
[SourceVersion "1"]
[SourceVersionDate "1999.02.01"]
[SourceQuality "1"]
[WhiteTeam "Kazakhstan"]
[BlackTeam "Kyrgyzstan"]
[WhiteTeamCountry "KAZ"]
[BlackTeamCountry "KGZ"]

1. d4 Nf6 2. c4 g6 3. Nf3 Bg7 4. g3 0-0 5. Bg2 d6 6. Nc3 Nc6 7. d5 Na5 8. Nd2 c5 9. 0-0 e5 10. a3 b6 11. b4 Nb7 12. e4 Ng4 13. Nf3 Bd7 14. Qe2 Qe7 15. h3 Nh6 16. Bd2 Rac8 17. Rac1 f5 18. exf5 Nxf5 19. Ne4 h6 20. Qd3 b5 21. g4 Nd4 22. Nxd4 exd4 23. bxc5 dxc5 24. Qb3 Nd6 25. Nxd6 Qxd6 26. cxb5 Rb8 27. a4 a6 28. Qa3 axb5 29. Qxc5 Qxc5 30. Rxc5 bxa4 1/2-1/2

[Event "RUS-Cup06"]
[Site "Nizhnij Novgorod"]
[Date "1998.07.05"]
[Round "7"]
[White "Zagrebelny, Sergey"]
[Black "Irzhanov, Ruslan"]
[Result "0-1"]
[WhiteElo "2485"]
[BlackElo "2535"]
[PlyCount "80"]
[EventDate "1998.06.29"]
[EventType "swiss"]
[EventRounds "9"]
[EventCountry "RUS"]
[SourceTitle "EXT 2000"]
[Source "ChessBase"]
[SourceDate "1999.11.16"]
[SourceVersion "1"]
[SourceVersionDate "1999.11.16"]
[SourceQuality "1"]

1. e4 g6 2. d4 Bg7 3. Nf3 d6 4. c3 Nf6 5. Bd3 0-0 6. 0-0 Nc6 7. b4 a6 8. Nbd2 e5 9. Rb1 Nh5 10. Nb3 exd4 11. Nfxd4 Ne5 12. Be2 Nf6 13. f4 Ned7 14. Bf3 Re8 15. Re1 Nb6 16. Na5 c6 17. c4 Nbd7 18. Bb2 c5 19. Ndb3 Qc7 20. Qd2 cxb4 21. Rbd1 Rb8 22. Qxb4 b6 23. Nc6 Qxc6 24. e5 Qc7 25. exf6 Nxf6 26. Rxe8+ Nxe8 27. Bxg7 Kxg7 28. Bd5 Bb7 29. Re1 Bxd5 30. cxd5 Nf6 31. Qd4 Qd7 32. Nd2 Qf5 33. Nc4 Qxd5 34. Qxd5 Nxd5 35. Nxd6 Rd8 36. Nb7 Rd7 37. Rd1 Kf6 38. g4 g5 39. fxg5+ Kxg5 40. h3 Kf4 0-1

[Event "RUS-Cup"]
[Site "Krasnoyarsk"]
[Date "1998.??.??"]
[Round "2"]
[White "Genba, Vladimir"]
[Black "Irzhanov, Ruslan"]
[Result "0-1"]
[WhiteElo "2445"]
[BlackElo "2535"]
[PlyCount "98"]
[EventDate "1998.??.??"]
[EventType "swiss"]
[EventRounds "9"]
[EventCountry "RUS"]
[SourceTitle "EXT 2000"]
[Source "ChessBase"]
[SourceDate "1999.11.16"]
[SourceVersion "1"]
[SourceVersionDate "1999.11.16"]
[SourceQuality "1"]

1. e4 g6 2. d4 Bg7 3. Nc3 d6 4. g3 Nc6 5. d5 Nd4 6. Be3 c5 7. dxc6 Nxc6 8. Bg2 Nf6 9. h3 0-0 10. Nge2 Bd7 11. 0-0 Rb8 12. Nd5 b5 13. c3 a6 14. b3 Re8 15. f4 Nxd5 16. exd5 Na5 17. Rc1 Nb7 18. Bd4 Nc5 19. Bxg7 Kxg7 20. Nd4 Qb6 21. Kh2 e6 22. dxe6 fxe6 23. Nf3 Ne4 24. Ne5 Nf6 25. c4 Rbc8 26. b4 bxc4 27. Nxc4 Rxc4 28. Rxc4 Bb5 29. Qd4 Qxd4 30. Rxd4 Bxf1 31. Bxf1 d5 32. Bxa6 Ra8 33. b5 Nd7 34. Ra4 Nc5 35. Ra3 Kf6 36. Kg2 Ke7 37. Kf3 d4 38. Ke2 Kd6 39. Kd2 Kc7 40. h4 Kb6 41. Kd1 Rf8 42. Ke2 Rd8 43. Rf3 d3+ 44. Kd1 Na4 45. Kd2 Nb2 46. a4 Nc4+ 47. Kd1 d2 48. Rb3 h5 49. a5+ Kxa5 0-1

[Event "RUS-Cup"]
[Site "Krasnoyarsk"]
[Date "1998.??.??"]
[Round "8"]
[White "Irzhanov, Ruslan"]
[Black "Tregubov, Pavel V"]
[Result "1/2-1/2"]
[WhiteElo "2535"]
[BlackElo "2560"]
[PlyCount "67"]
[EventDate "1998.??.??"]
[EventType "swiss"]
[EventRounds "9"]
[EventCountry "RUS"]
[SourceTitle "EXT 2000"]
[Source "ChessBase"]
[SourceDate "1999.11.16"]
[SourceVersion "1"]
[SourceVersionDate "1999.11.16"]
[SourceQuality "1"]

1. d4 d5 2. c4 e6 3. Nc3 c6 4. cxd5 exd5 5. Nf3 Bf5 6. Bg5 Qb6 7. Na4 Qa5+ 8. Bd2 Qc7 9. Rc1 Nf6 10. Qb3 Nbd7 11. g3 Bd6 12. Bg2 0-0 13. 0-0 Rfe8 14. Rfe1 b5 15. Nc5 Nb6 16. Nh4 Bg4 17. Qd3 Nc4 18. Bc3 Bf8 19. b3 Nd6 20. f3 Bc8 21. Bd2 Rd8 22. Bh1 a5 23. Be3 b4 24. Bf2 Nb5 25. Na4 Ba6 26. Qc2 Rac8 27. Ng2 Qa7 28. Red1 c5 29. dxc5 d4 30. Nf4 g5 31. Qf5 gxf4 32. Qxf6 fxg3 33. hxg3 Bg7 34. Qg5 1/2-1/2

[Event "RUS-Cup"]
[Site "Krasnoyarsk"]
[Date "1998.??.??"]
[Round "6"]
[White "Malaniuk, Vladimir P"]
[Black "Irzhanov, Ruslan"]
[Result "1/2-1/2"]
[WhiteElo "2600"]
[BlackElo "2535"]
[PlyCount "47"]
[EventDate "1998.??.??"]
[EventType "swiss"]
[EventRounds "9"]
[EventCountry "RUS"]
[SourceTitle "EXT 2000"]
[Source "ChessBase"]
[SourceDate "1999.11.16"]
[SourceVersion "1"]
[SourceVersionDate "1999.11.16"]
[SourceQuality "1"]

1. d4 Nf6 2. g3 g6 3. Bg2 Bg7 4. e4 d6 5. Nc3 0-0 6. h3 e5 7. Nge2 Nbd7 8. 0-0 exd4 9. Nxd4 Re8 10. Nb3 a5 11. a4 Nb6 12. Re1 c6 13. Rb1 h6 14. Bf4 Nc4 15. Nd2 Ne5 16. Be3 Be6 17. f4 Ned7 18. Nf3 Qc7 19. Qd2 Nc5 20. Nd4 Bd7 21. Bf2 Re7 22. Re2 Rae8 23. Rbe1 Bc8 24. Nb3 1/2-1/2

[Event "WchT U26 11th"]
[Site "Roque Saenz Pena"]
[Date "1997.08.11"]
[Round "6"]
[White "Dgebuadze, Alexandre"]
[Black "Irzhanov, Ruslan"]
[Result "0-1"]
[WhiteElo "2465"]
[BlackElo "2535"]
[PlyCount "68"]
[EventDate "1997.08.06"]
[EventType "team-swiss"]
[EventRounds "9"]
[EventCountry "ARG"]
[SourceTitle "EXT 2020"]
[Source "ChessBase"]
[SourceDate "2019.10.17"]
[SourceVersion "1"]
[SourceVersionDate "2019.10.17"]
[SourceQuality "1"]
[WhiteTeam "Georgia"]
[BlackTeam "Kazakhstan"]
[WhiteTeamCountry "GEO"]
[BlackTeamCountry "KAZ"]

1. e4 g6 2. d4 Bg7 3. Nc3 d6 4. Be3 c6 5. Nf3 Nf6 6. h3 0-0 7. Be2 Qc7 8. Qd2 b5 9. a3 Nbd7 10. 0-0 Bb7 11. Bh6 a6 12. Rfe1 c5 13. Bxg7 Kxg7 14. e5 dxe5 15. dxe5 Nxe5 16. Nxe5 Qxe5 17. Bf3 Qc7 18. Bxb7 Qxb7 19. Rad1 Qc7 20. a4 Rad8 21. Qe2 b4 22. Rxd8 Rxd8 23. Nd1 Qd7 24. b3 Qd2 25. Nb2 e6 26. Nd3 Qc3 27. Ne5 Rd2 28. Qxa6 Rxc2 29. Re3 Qa1+ 30. Kh2 Rxf2 31. Qa7 Nd5 32. Re2 Rf1 33. Qxc5 Nf4 34. Rf2 Rxf2 0-1

[Event "WchT U26 11th"]
[Site "Roque Saenz Pena"]
[Date "1997.08.09"]
[Round "4"]
[White "Reis, Paulo F Jatoba"]
[Black "Irzhanov, Ruslan"]
[Result "0-1"]
[WhiteElo "2245"]
[BlackElo "2535"]
[PlyCount "36"]
[EventDate "1997.08.06"]
[EventType "team-swiss"]
[EventRounds "9"]
[EventCountry "ARG"]
[SourceTitle "EXT 2020"]
[Source "ChessBase"]
[SourceDate "2019.10.17"]
[SourceVersion "1"]
[SourceVersionDate "2019.10.17"]
[SourceQuality "1"]
[WhiteTeam "Brazil"]
[BlackTeam "Kazakhstan"]
[WhiteTeamCountry "BRA"]
[BlackTeamCountry "KAZ"]

1. d4 g6 2. Nf3 Bg7 3. c4 d6 4. g3 Nf6 5. Bg2 0-0 6. Nc3 Nc6 7. 0-0 a6 8. Re1 Rb8 9. Rb1 Bd7 10. e4 e5 11. h3 Nxd4 12. Nxd4 exd4 13. Ne2 c5 14. b4 b6 15. Nf4 Qe7 16. g4 h6 17. Nd3 Bc6 18. Bf4 Nd7 0-1

[Event "RUS-Cup10"]
[Site "Tomsk"]
[Date "1997.07.26"]
[Round "5"]
[White "Irzhanov, Ruslan"]
[Black "Yandemirov, Valeri"]
[Result "1/2-1/2"]
[WhiteElo "2535"]
[BlackElo "2500"]
[PlyCount "23"]
[EventDate "1997.07.21"]
[EventType "swiss"]
[EventRounds "9"]
[EventCountry "RUS"]
[SourceTitle "EXT 2000"]
[Source "ChessBase"]
[SourceDate "1999.11.16"]
[SourceVersion "1"]
[SourceVersionDate "1999.11.16"]
[SourceQuality "1"]

1. Nf3 Nf6 2. g3 g6 3. Bg2 Bg7 4. 0-0 0-0 5. d3 d5 6. Nc3 c6 7. Nd2 Nbd7 8. e4 dxe4 9. Ncxe4 Nxe4 10. Nxe4 Nf6 11. c3 Nxe4 12. dxe4 1/2-1/2

[Event "RUS-Cup10"]
[Site "Tomsk"]
[Date "1997.07.25"]
[Round "4"]
[White "Voitsekhovsky, Stanislav"]
[Black "Irzhanov, Ruslan"]
[Result "1/2-1/2"]
[WhiteElo "2480"]
[BlackElo "2535"]
[PlyCount "88"]
[EventDate "1997.07.21"]
[EventType "swiss"]
[EventRounds "9"]
[EventCountry "RUS"]
[SourceTitle "EXT 2000"]
[Source "ChessBase"]
[SourceDate "1999.11.16"]
[SourceVersion "1"]
[SourceVersionDate "1999.11.16"]
[SourceQuality "1"]

1. e4 g6 2. d4 Bg7 3. Nc3 d6 4. Nf3 Nf6 5. Bg5 0-0 6. e5 Nfd7 7. Qe2 Nc6 8. 0-0-0 f6 9. exf6 exf6 10. Be3 Nb6 11. d5 Ne5 12. Nxe5 fxe5 13. h4 Nd7 14. h5 Nf6 15. hxg6 hxg6 16. f3 Nh5 17. Qe1 Qe8 18. g4 Nf4 19. Ne4 Qe7 20. Qd2 Bd7 21. Bc4 Kf7 22. Bxf4 exf4 23. Qxf4+ Kg8 24. Qg3 Qe5 25. Qxe5 Bxe5 26. Rh3 Rf4 27. Bd3 Raf8 28. Nd2 Be8 29. Be4 Bf7 30. Nc4 Bf6 31. c3 Bg5 32. Kc2 Kg7 33. Na5 Rb8 34. Rg1 Bg8 35. Rd1 Rff8 36. a4 Rfe8 37. Nb3 c6 38. Nc1 c5 39. Nb3 b6 40. Nd2 a6 41. Ra1 Bf4 42. Nc4 Bf7 43. b3 b5 44. Na5 Bxd5 1/2-1/2

[Event "RUS-Cup10"]
[Site "Tomsk"]
[Date "1997.07.21"]
[Round "1"]
[White "Irzhanov, Ruslan"]
[Black "Tulchinsky, Mikhail"]
[Result "1-0"]
[WhiteElo "2535"]
[BlackElo "2305"]
[PlyCount "51"]
[EventDate "1997.07.21"]
[EventType "swiss"]
[EventRounds "9"]
[EventCountry "RUS"]
[SourceTitle "EXT 2000"]
[Source "ChessBase"]
[SourceDate "1999.11.16"]
[SourceVersion "1"]
[SourceVersionDate "1999.11.16"]
[SourceQuality "1"]

1. Nf3 f5 2. g3 Nf6 3. Bg2 e6 4. 0-0 d5 5. d3 Bc5 6. c3 a5 7. Qc2 Qe7 8. Nbd2 0-0 9. e4 dxe4 10. dxe4 f4 11. e5 Ng4 12. Nb3 fxg3 13. hxg3 Bb6 14. Qe4 h5 15. Nbd4 Bxd4 16. cxd4 Nd7 17. Bh3 Nb6 18. Ng5 Rf5 19. f3 Bd7 20. fxg4 Bc6 21. Qe3 Nc4 22. Qc3 Rxg5 23. Qxc4 Rf8 24. Bxg5 Qxg5 25. Qxe6+ Kh7 26. Rf2 1-0

[Event "RUS-Cup4"]
[Site "Perm"]
[Date "1997.02.15"]
[Round "8"]
[White "Fominyh, Alexander"]
[Black "Irzhanov, Ruslan"]
[Result "1/2-1/2"]
[WhiteElo "2545"]
[BlackElo "2550"]
[PlyCount "100"]
[EventDate "1997.02.02"]
[EventType "swiss"]
[EventRounds "9"]
[EventCountry "RUS"]
[SourceTitle "CBM 058"]
[Source "ChessBase"]
[SourceDate "1997.06.01"]
[SourceVersion "1"]
[SourceVersionDate "1997.06.01"]
[SourceQuality "1"]

1. d4 Nf6 2. Nf3 g6 3. g3 Bg7 4. Bg2 0-0 5. 0-0 d6 6. c4 Nc6 7. Nc3 e5 8. d5 Ne7 9. e4 Ne8 10. Ne1 f5 11. Nd3 fxe4 12. Nxe4 c6 13. Nc3 Nf6 14. Bg5 cxd5 15. Nxd5 Nexd5 16. Bxd5+ Kh8 17. Bg2 Qc7 18. Rc1 Bf5 19. Bxf6 Bxf6 20. Nb4 Bg5 21. Rc3 Rac8 22. Nd5 Qd7 23. Re1 Qf7 24. Rf1 Qd7 25. h4 Bh6 26. Qe2 Bg4 27. Qd3 Bf5 28. Be4 Rf7 29. f3 Rcf8 30. Kh2 g5 31. hxg5 Bxg5 32. Bxf5 Rxf5 33. Rc2 Qe6 34. Kg2 R5f7 35. Rh1 Rg7 36. Rh3 Bf4 37. Qe4 Qg8 38. Nxf4 Rxf4 39. Qe2 e4 40. fxe4 Qe6 41. Qd3 Qxe4+ 42. Qxe4 Rxe4 43. Kf3 Rd4 44. b3 Rd3+ 45. Kf4 Rf7+ 46. Ke4 Rff3 47. Rch2 Rfe3+ 48. Kf4 Rf3+ 49. Kg4 Rf7 50. Kh4 a5 1/2-1/2

[Event "RUS-Cup4"]
[Site "Perm"]
[Date "1997.??.??"]
[Round "1"]
[White "Irzhanov, Ruslan"]
[Black "Kozlov, Oleg"]
[Result "0-1"]
[WhiteElo "2550"]
[BlackElo "2380"]
[PlyCount "102"]
[EventDate "1997.02.02"]
[EventType "swiss"]
[EventRounds "9"]
[EventCountry "RUS"]
[SourceTitle "CBM 058"]
[Source "ChessBase"]
[SourceDate "1997.06.01"]
[SourceVersion "1"]
[SourceVersionDate "1997.06.01"]
[SourceQuality "1"]

1. d4 d5 2. c4 e6 3. Nc3 Nf6 4. Bg5 Nbd7 5. e3 c6 6. Bd3 Qa5 7. Bh4 dxc4 8. Bxc4 c5 9. Nge2 cxd4 10. exd4 Be7 11. 0-0 0-0 12. Rc1 Nb6 13. Bd3 Qh5 14. Bg3 Bd7 15. Qb3 Rac8 16. Nf4 Qa5 17. a3 Rfd8 18. Rfe1 Bd6 19. Bb1 Ba4 20. Qa2 Be8 21. b4 Qg5 22. Nce2 Rxc1 23. Rxc1 Bb8 24. Nh3 Qh6 25. f4 Nbd5 26. Nc3 Nxf4 27. Bxf4 Bxf4 28. Rd1 Be3+ 29. Kh1 Bc6 30. b5 Bd5 31. Qe2 Bxd4 32. Rxd4 Qc1+ 33. Rd1 Qxc3 34. Nf4 Qc7 35. Qe3 Qb8 36. Rc1 Ng4 37. Qg3 Nf6 38. Qh4 Kf8 39. Bxh7 Qe5 40. Bb1 Ke7 41. Qf2 b6 42. a4 Ba8 43. h3 Rd4 44. Nd3 Qd6 45. Rc7+ Qxc7 46. Qxd4 Qg3 47. Nf4 Nh5 48. Qb4+ Ke8 49. Qc4 Qxf4 50. Qc8+ Ke7 51. Qxa8 Ng3+ 0-1